Statistics for Inter-Cities Fairs Cup

Click here to take the quiz!

General Stats

  • This quiz has been taken 67 times
  • The average score is 17 of 26

Answer Stats

HintAnswer% Correct
1955-58Barcelona
89%
1965-66Barcelona
89%
1958-60Barcelona
89%
Barcelona
89%
1970-71Leeds
84%
1967-68Leeds
84%
Leeds
84%
1969-70Arsenal
82%
1968-69Newcastle
77%
Juventus
75%
Juventus
75%
1960-61Roma
68%
Valencia
66%
1962-63Valencia
66%
1961-62Valencia
66%
1964-65Ferencvaros
55%
Ferencvaros
55%
Dinamo Zagreb
48%
1966-67Dinamo Zagreb
48%
Birmingham
43%
Birmingham
43%
Ujpest
41%
1963-64Real Zaragoza
39%
Real Zaragoza
39%
Anderlecht
36%
London XI
34%

Score Distribution

Percentile by Number Answered

Percent of People with Each Score

Your Score History

You have not taken this quiz